000 00483pab a2200181 454500
008 180718b2015 xxu||||| |||| 00| 0 eng d
100 _aChand, Ramesh
245 _aEstimates and analysis of farm income in India, 1983-84 to 2011-12
260 _c2015
300 _ap.139-145.
362 _a30 May
650 _aAgriculture - India
650 _aAgriculture
700 _aRana, Simmi
700 _aSaxena, Raka
773 _aEconomic and Political Weekly
909 _a108359
999 _c108354
_d108354